<?xml version="1.0" encoding="UTF-8"?>
<collection xmlns:xsi="http://www.w3.org/2001/XMLSchema-instance" xsi:schemaLocation="http://www.loc.gov/MARC21/slim http://www.loc.gov/standards/marcxml/schema/MARC21slim.xsd" xmlns="http://www.loc.gov/MARC21/slim">
 <record>
  <leader>00000ctm a22000003a 4500</leader>
  <controlfield tag="001">UP-8027390931316262566</controlfield>
  <controlfield tag="003">Buklod</controlfield>
  <controlfield tag="005">20161012153448.0</controlfield>
  <controlfield tag="006">a     r    |||| u|</controlfield>
  <controlfield tag="007">ta</controlfield>
  <controlfield tag="008">161012s        xx     d     r    |||| u|</controlfield>
  <datafield tag="035" ind1=" " ind2=" ">
   <subfield code="a">(iLib)UPMIN-00008954049</subfield>
  </datafield>
  <datafield tag="040" ind1=" " ind2=" ">
   <subfield code="a">upmin</subfield>
  </datafield>
  <datafield tag="041" ind1=" " ind2=" ">
   <subfield code="a">eng</subfield>
  </datafield>
  <datafield tag="090" ind1=" " ind2="0">
   <subfield code="a">LG993.2 2010 M21</subfield>
   <subfield code="b">L66</subfield>
  </datafield>
  <datafield tag="100" ind1="1" ind2=" ">
   <subfield code="a">Lopez, Rodgessa A.</subfield>
   <subfield code="e">author.</subfield>
  </datafield>
  <datafield tag="245" ind1="0" ind2="0">
   <subfield code="a">Strategic plan for Rosario's Fresh and Processed Fruits</subfield>
   <subfield code="c">Rodgessa A. Lopez ; Miguel D. Soledad, Sylvia B. Concepcion, advisers.</subfield>
  </datafield>
  <datafield tag="264" ind1=" " ind2="1">
   <subfield code="a">Davao City</subfield>
   <subfield code="b">School of Management, University of the Philippines Mindanao</subfield>
   <subfield code="c">c2010.</subfield>
  </datafield>
  <datafield tag="300" ind1=" " ind2=" ">
   <subfield code="a">viii, 71 leaves</subfield>
   <subfield code="b">illustrations</subfield>
  </datafield>
  <datafield tag="500" ind1=" " ind2=" ">
   <subfield code="a">Thesis, Graduate (Master in Management)--University of the Philippines Mindanao, April 2010.</subfield>
  </datafield>
  <datafield tag="520" ind1=" " ind2=" ">
   <subfield code="a">The company started in the 1990s, Rosario?s Fresh and Processed Fruits is owned and managed by the Belviz family. The company is engaged mainly in the production and processing of Durian fruit although there are also various fruit trees at experimental growing stage. Currently, the company cultivates ten hectares of land and leases a twenty-hectare farm in Calinan, Davao City with full-grown Durian trees. After ten years of farming, the management discovered that there is an ample amount of fruit rejects, which can still be processed to lessen wastage. Hence, the processed section started by minimally and manually processing the fruit. In 2006, the company acquired machines for faster and more efficient production. In 2008, the company was awarded as the best MSME in 2008 at the micro-level. Management framework of Fred R. David was used to formulate strategies, assess the company?s objectives and the implementation and control of these strategies. This will result to a strategic plan that will be implemented in the next five years based on the different factors that will affect the company?s productivity and profitability.  Factors include the external and internal environments resulting to findings that had been quantified using SWOT matrix and QSPM. This enabled the management to arrive at logical strategic option for the business. Result of the analysis showed the company has yet to take advantage of the opportunities in the Durian industry with its strong internal position. The suggested strategies for the next five years are Product Development, Market Penetration and Market Development. The implementing programs start with setting of objectives and targets and identifying measures &amp; initiatives to ensure that the activities will be carried out. In 2010, the company will acquire Good Manufacturing Practices (GMP) certification to become competitive in the food processing sector,  develop new products that are appealing to the customers mainly in Region XI market, penetrate the market through promotions and establishing contacts. The fresh section shall establish strong documentation systems and proper accounting. By 2012, it will venture into market development through market study in other regions of the country. This is great challenge for the management of Rosario?s to be competitive in the industry although data monitoring for Durian is scarce. Knowledge, skill and assistance by government agencies and research institutions will catalyse improvement of Durian production and processing.</subfield>
  </datafield>
  <datafield tag="658" ind1=" " ind2=" ">
   <subfield code="a">Policy and Strategic Planning</subfield>
   <subfield code="c">M241.</subfield>
  </datafield>
  <datafield tag="700" ind1="1" ind2=" ">
   <subfield code="a">Soledad, Miguel D.</subfield>
   <subfield code="e">adviser.</subfield>
  </datafield>
  <datafield tag="700" ind1="1" ind2=" ">
   <subfield code="a">Concepcion, Sylvia B.</subfield>
   <subfield code="e">adviser.</subfield>
  </datafield>
  <datafield tag="852" ind1="0" ind2=" ">
   <subfield code="a">UPMIN</subfield>
   <subfield code="b">UPMIN-MAIN</subfield>
   <subfield code="h">LG993.2 2010 M21</subfield>
   <subfield code="i">L66</subfield>
  </datafield>
  <datafield tag="942" ind1=" " ind2=" ">
   <subfield code="a">Thesis</subfield>
  </datafield>
 </record>
</collection>
